| 000 | 00638nam a2200181 4500 | ||
|---|---|---|---|
| 999 |
_c56828 _d56828 |
||
| 005 | 20210118125317.0 | ||
| 008 | 190508c2019 ру ||||| |||| 00| 0 рус d | ||
| 022 | _a1609-4646 | ||
| 041 | _aрус | ||
| 245 |
_aИнновации в образовании : _b2019 / _cГл. ред.:Сыромятников, И.В. |
||
| 260 |
_aМосква, _b2019. |
||
| 300 | _aV. | ||
| 653 | _aИнновации в образовании N 1 январь 2019 | ||
| 653 | _aგანათლება | ||
| 653 | _aпериодика | ||
| 700 |
_aСыромятников И.В. _eГлавный редактор _9929 |
||
| 942 |
_2udc _cCR |
||